000 00525nam a2200169 i 4500
001 87435
003 ES-MaACL
005 20230906175654.0
007 t|
008 041221s1958 sp ||||1| ger d
100 1 _aKucera, Enrique.
_968945
245 1 4 _aEin fürstentüm im Herzen der Pyrenäen
_b: Andorra /
_cvon Heinrich Kucera.
260 _aBarcelona :
_bEnrique Kucera,
_c[1958] (
_fS.A.D.A.G.)
300 _a63 p. ;
_c14 cm.
651 4 _aAndorra-
_vGuías turísticas.
_9152034
852 _aES-MaACL
_jD-8376
_bR.42450
999 _c87435
_d87435